000
00312nam a2200133Ia 4500
005
20251222143318.0
008
251222s9999||||xx |||||||||||||| ||spa||
020
_a
84-7310-037-9
082
_a
843.9/M86
100
_a
Morand, Paul
245
0
_a
La Noche es Larga
264
_b
Ediciones del Cotal
942
_c
LIB
999
_c
15979
_d
15979